| 000 | 00665nam a2200193Ia 4500 | ||
|---|---|---|---|
| 003 | GCL | ||
| 008 | 140319s9999 xx 000 0 ara d | ||
| 040 |
_aGCL / _cGCL |
||
| 082 | 0 | 4 |
_a301.2 _bع د |
| 100 | 1 | _aعلى عبدالرازق جلبى | |
| 245 | 1 | 0 |
_aدراسات فى المجتمع والثقافة والشخصية / _cعلى عبدالرازق جلبى |
| 260 |
_aالقاهرة : _bدار المعرفة الجامعية ، _c1996 |
||
| 300 |
_a260 ص ؛ _c24 سم |
||
| 650 | 0 | 4 | _aالمجتمع |
| 650 | 0 | 4 | _aالاجتماع، علم |
| 650 | 0 | 4 | _aالثقافة والمجتمع |
| 650 | 0 | 4 | _aالثقافة الشخصية |
| 942 |
_2ddc _cBK |
||
| 999 |
_c43249 _d43249 |
||